<?xml version="1.0" encoding="UTF-8"?>
<record
    xmlns:xsi="http://www.w3.org/2001/XMLSchema-instance"
    xsi:schemaLocation="http://www.loc.gov/MARC21/slim http://www.loc.gov/standards/marcxml/schema/MARC21slim.xsd"
    xmlns="http://www.loc.gov/MARC21/slim">

  <leader>02557nam a22004097a 4500</leader>
  <controlfield tag="008">140202b        ck ||||| |||| 00| 0 spa d</controlfield>
  <datafield tag="020" ind1=" " ind2=" ">
    <subfield code="a">958-41-0070-X</subfield>
  </datafield>
  <datafield tag="082" ind1="0" ind2="4">
    <subfield code="a">302.1 / M996p</subfield>
  </datafield>
  <datafield tag="100" ind1="1" ind2=" ">
    <subfield code="a">Myers, David G.</subfield>
    <subfield code="9">69806</subfield>
  </datafield>
  <datafield tag="245" ind1="1" ind2="0">
    <subfield code="a">Psicolog&#xED;a social / David G. Myers ; tr. Hugo Tejada T. ; rev.t&#xE9;c. Clemencia Ram&#xED;rez, Fabi&#xE1;n Arciniegas Vargas</subfield>
  </datafield>
  <datafield tag="250" ind1=" " ind2=" ">
    <subfield code="a">6a. ed.</subfield>
  </datafield>
  <datafield tag="264" ind1=" " ind2=" ">
    <subfield code="a">Santa Fe de Bogot&#xE1; : McGraw-Hill, 2000</subfield>
  </datafield>
  <datafield tag="300" ind1=" " ind2=" ">
    <subfield code="a">742 p. ; 27 cm.</subfield>
  </datafield>
  <datafield tag="505" ind1="0" ind2="0">
    <subfield code="a">Prefacio -- Introducci&#xF3;n a la psicolog&#xED;a social -- Pensamiento social -- El yo en el mundo social --</subfield>
  </datafield>
  <datafield tag="505" ind1="0" ind2="0">
    <subfield code="a">Creencias y juicios sociales -- Comportamiento y actitudes -- Influencia social -- Genes, cultura y g&#xE9;nero --</subfield>
  </datafield>
  <datafield tag="505" ind1="0" ind2="0">
    <subfield code="a">Conformidad -- Persuaci&#xF3;n -- La influencia del grupo -- Relaciones sociales -- Prejuicio : el desagrado por</subfield>
  </datafield>
  <datafield tag="505" ind1="0" ind2="0">
    <subfield code="a">los dem&#xE1;s -- Agresi&#xF3;n: Lastimar a los dem&#xE1;s --  Atracci&#xF3;n e intimidad : el agrado y el amor por los dem&#xE1;s --</subfield>
  </datafield>
  <datafield tag="505" ind1="0" ind2="0">
    <subfield code="a">Altruismo : ayuda a los dem&#xE1;s -- Conflicto y conciliaci&#xF3;n -- Psicolog&#xED;a social aplicada -- La Psicolog&#xED;a</subfield>
  </datafield>
  <datafield tag="505" ind1="0" ind2="0">
    <subfield code="a">Social en la cl&#xED;nica -- La Psicolog&#xED;a social en los tribunales -- Glosario -- Referencias -- &#xCD;ndices --</subfield>
  </datafield>
  <datafield tag="546" ind1=" " ind2=" ">
    <subfield code="a">Social Psychology</subfield>
  </datafield>
  <datafield tag="520" ind1=" " ind2=" ">
    <subfield code="a">Esta sexta edici&#xF3;n se desarrolla en tres partes ( pensamiento social, influencia social y relaciones</subfield>
  </datafield>
  <datafield tag="520" ind1=" " ind2=" ">
    <subfield code="a">sociales) alrededor de la definici&#xF3;n de psicolog&#xED;a social, es decir, el estudio cient&#xED;fico de la forma en que</subfield>
  </datafield>
  <datafield tag="520" ind1=" " ind2=" ">
    <subfield code="a">las personas piensan, influyen y se relacionan entre s&#xED;. Cada secci&#xF3;n contiene res&#xFA;menenes y definiciones de</subfield>
  </datafield>
  <datafield tag="520" ind1=" " ind2=" ">
    <subfield code="a">las palabras clave tanto en los m&#xE1;rgenes del libro como en el glosario. Las aplicaciones de la Psicolog&#xED;a</subfield>
  </datafield>
  <datafield tag="520" ind1=" " ind2=" ">
    <subfield code="a">social se hallan resaltadas en los m&#xF3;dulos Psicolog&#xED;a social en la cl&#xED;nica y  Psicolog&#xED;a social en los</subfield>
  </datafield>
  <datafield tag="520" ind1=" " ind2=" ">
    <subfield code="a">tribunales. Al igual que en las anteriores ediciones, el libro enmarca la psicolog&#xED;a social dentro de la</subfield>
  </datafield>
  <datafield tag="520" ind1=" " ind2=" ">
    <subfield code="a">tradici&#xF3;n actual de las artes liberales y hace &#xE9;nfasis en puntos de particular inter&#xE9;s para la formaci&#xF3;n</subfield>
  </datafield>
  <datafield tag="520" ind1=" " ind2=" ">
    <subfield code="a">profesional de los estudiantes de psicolog&#xED;a.</subfield>
  </datafield>
  <datafield tag="590" ind1=" " ind2=" ">
    <subfield code="a">Clasificaci&#xF3;n anterior CG. 1.150 / M4-2000</subfield>
  </datafield>
  <datafield tag="650" ind1="1" ind2="4">
    <subfield code="a">Psicologia social</subfield>
    <subfield code="9">129459</subfield>
  </datafield>
  <datafield tag="650" ind1="1" ind2="4">
    <subfield code="a">Psicologia de las masas</subfield>
    <subfield code="9">129397</subfield>
  </datafield>
  <datafield tag="650" ind1="1" ind2="4">
    <subfield code="a">Psicologia de las minorias</subfield>
    <subfield code="9">129398</subfield>
  </datafield>
  <datafield tag="650" ind1="1" ind2="4">
    <subfield code="a">Salud</subfield>
    <subfield code="9">130891</subfield>
  </datafield>
  <datafield tag="700" ind1="1" ind2=" ">
    <subfield code="a">Tejada T., Hugo</subfield>
    <subfield code="e">tr.</subfield>
    <subfield code="9">86044</subfield>
  </datafield>
  <datafield tag="700" ind1="1" ind2=" ">
    <subfield code="a">Ram&#xED;rez, Clemencia</subfield>
    <subfield code="e"> rev.t&#xE9;c.</subfield>
    <subfield code="9">77228</subfield>
  </datafield>
  <datafield tag="700" ind1="1" ind2=" ">
    <subfield code="a">Arciniegas Vargas, Fabi&#xE1;n</subfield>
    <subfield code="e"> rev.t&#xE9;c.</subfield>
    <subfield code="9">28071</subfield>
  </datafield>
  <datafield tag="999" ind1=" " ind2=" ">
    <subfield code="c">25119</subfield>
    <subfield code="d">25119</subfield>
  </datafield>
</record>
